| 000 | 00630nam a2200229 a 4500 | ||
|---|---|---|---|
| 001 | BRCA_7787 | ||
| 005 | 20190320210007.0 | ||
| 008 | 011013s1964----ne-a######---#000-0#eng-# | ||
| 041 | _aeng | ||
| 044 | _ane | ||
| 050 | 4 |
_aQL644 _b.C37 1964 |
|
| 100 | 1 |
_aCarr, Archie Fairly _919288 |
|
| 245 | 1 | 0 |
_aThe reptiles _cby Archie Carr and the editors of Life. |
| 260 |
_aAmsterdam _bTime-Life International _c1964 |
||
| 300 |
_a192 p. _bil. _c28 cm. |
||
| 440 | 0 |
_aLife nature library _919289 |
|
| 500 | _aX38 | ||
| 650 | 1 | 4 |
_aReptiles _vEstudio _919290 |
| 710 | 2 |
_aLife International (USA) _919291 |
|
| 902 | _aGFM | ||
| 942 |
_2lcc _cB |
||
| 999 |
_c7461 _d7461 |
||